000 01083nam a22002535i 4500
001 158548
003 ES-MaACL
005 20250821111657.0
008 990917s1878 sp |||| | spa d
040 _aCCPB | B
_bspa
_cCCPB | B
080 _a929 Felipe (460) II
080 _a946.035.3 S."15"
100 1 _aMal Lara, Juan de,
_d1524-1571
_9159232
245 1 0 _aRecebimiento que hizo la muy noble y muy leal ciudad de Seuilla, a la C. R. M. del Rey D. Philipe ... con una breue descripcion de la ciudad y su tierra /
_ccompuesto por Iuan de Mal Lara.
260 _aSevilla :
_bJuan Moyano,
_c1878.
300 _a181, [3] h., [2] h. de grab. ;
_c17 cm.
490 1 _aSociedad de Bibliofilos Andaluces
595 _aReproducción facsimil de la ed. de: Sevilla : en casa de Alonso Escriuano, 1570.
600 0 4 _aFelipe
_bII,
_cRey de España
_949175
651 4 _aSevilla-
_xHistoria-
_yS.XVI.
_99392
830 0 _aSociedad de Bibliofilos Andaluces
_9188169
852 _aES-MaACL
_jB-5531
_z-- Enc. hol., conservando la cub. original
999 _c158548
_d158548